| 000 | 00691nam a2200229 i 4500 | ||
|---|---|---|---|
| 001 | 58380 | ||
| 003 | ES-MaACL | ||
| 005 | 20250920063041.0 | ||
| 007 | t| | ||
| 008 | 031022s1968 sp ||||1| spa d | ||
| 080 | _a329(44) | ||
| 100 | 1 |
_aDuverger, Maurice, _d1917-2014 _946383 |
|
| 245 | 1 | 3 |
_aLa democracia sin el pueblo / _cMaurice Duverger ; [traducción de Juan-Ramón Capella]. |
| 260 |
_aBarcelona : _bAriel, _c[1968] |
||
| 300 |
_a266 p. ; _c19 cm. |
||
| 490 | 1 | _aDemos | |
| 650 | 1 | 4 |
_aPartidos políticos- _zFrancia. _915870 |
| 700 | 1 |
_aCapella, Juan-Ramón. _934819 |
|
| 830 | 0 |
_aDemos _9182983 |
|
| 852 |
_aES-MaACL _jC-56788 _bR.67584 |
||
| 999 |
_c58380 _d58380 |
||